Sosyal bilimler dergisi: journal of social sciences (Record no. 38645)

MARC details
000 -LEADER
fixed length control field 00492nam a2200169Ia 4500
022 ## - INTERNATIONAL STANDARD SERIAL NUMBER
ISSN 19861303
050 ## - CALL MARK
Classification number H 8 .T87 S676/
245 #0 - TITLE STATEMENT
Title Sosyal bilimler dergisi: journal of social sciences
260 ## - PUBLICATION, DISTRIBUTION, ETC. (IMPRINT)
Place of publication Lefkoşa
260 ## - PUBLICATION, DISTRIBUTION, ETC. (IMPRINT)
Name of publisher Yakın Dogü Universitesi
260 ## - PUBLICATION, DISTRIBUTION, ETC. (IMPRINT)
Year of publication 2011
300 ## - PHYSICAL DESCRIPTION
Number of Pages 213 p. : ill. ; 24 cm.
650 ## - SUBJECT ADDED ENTRY--TOPICAL TERM
Topical Term Social sciences--Turkey--Periodicals. Social sciences--Periodicals.
942 ## - ADDED ENTRY ELEMENTS (KOHA)
Koha item type Serials

No items available.